| 000 | 00642nam a2200217Ia 4500 | ||
|---|---|---|---|
| 001 | 10334 | ||
| 003 | GE_BSU | ||
| 008 | 181216s||||||||xx |||||||||||||| ||und|| | ||
| 040 | _cGE_BSU | ||
| 080 | _a821.161.1-31 | ||
| 100 | _aტატიშვილი,ვლადიმერ | ||
| 245 | _aაბო თბილელი : რომანი | ||
| 245 | _c[რუს. თარგმნა ე. ზედგენიძემ] | ||
| 260 | _aთბილისი | ||
| 260 | _bმერანი | ||
| 260 | _c1984 | ||
| 300 | _a302გვ.;20სმ. | ||
| 541 | _h7ლ. | ||
| 653 | _aაბო თბილელი | ||
| 942 | _cBK | ||
| 999 |
_c43599 _d43599 |
||